Librémonos del cáncer

Guardat en:
Dades bibliogràfiques
Format: Publicació Periòdica
Matèries:
Etiquetes: Afegir etiqueta
Sense etiquetes, Sigues el primer a etiquetar aquest registre!

MARC

LEADER 00000nas a22000005a 4500
003 CL-ChBUA
005 20120815091536.0
008 081126c9999 ||||||m|||||||r||||||||
040 |a CL-ChBUA  |c CL-ChBUA 
090 |c 24234  |d 24234 
245 1 0 |a Librémonos del cáncer 
300
650 4 |a CANCER 
942 |c SBOL 
952 |0 0  |1 0  |4 0  |7 0  |9 58720  |a UNACH  |b UNACH  |c Bol  |d 2008-11-27  |i boletin  |l 0  |o Bol. N° 947  |p 59855  |r 2012-08-08 00:00:00  |u 58720  |w 2012-08-08  |y SBOL  |k numero 393 
999 |c 24234  |d 24234